Boutiques et commerces dans les jeux Zelda - Statistiques

Statistiques générales
  • Ce quiz a été pris 10 fois
  • Le résultat moyen est 5 sur 125
Statistiques - réponses
Jeu de première apparition Boutiques et commerces des jeux Zelda % Correct
Skyward Sword Boutique Ambulante
89%
The Wind Waker Boutique Terry
89%
Breath of the Wild Antre des Monstres
22%
Ocarina of Time Bazar
22%
Oracle of Seasons Boutique
22%
Skyward Sword Atelier de rénovation
11%
Breath of the Wild Auberge du Bazar
11%
Breath of the Wild Au Levant
11%
Breath of the Wild Au Récif de Corail
11%
Twilight Princess Boutique de Kikolou
11%
A Link Bewteen Worlds Boutique de Lavio
11%
The Wind Waker Boutique de Naglagla
11%
Oracle of Ages Boutique de Potions de Syrup
11%
A Link to the Past Boutique Magique
11%
Ocarina of Time Boutique Zora
11%
Twilight Princess Chat-Pharnaum
11%
Breath of the Wild Chez Kornuieh
11%
Skyward Sword Citrouille Perchée
11%
Skyward Sword Consigne
11%
Skyward Sword Diseur de bonne aventure
11%
Breath of the Wild Etal d'Araj
11%
Majora's Mask Hutte des Potions Magiques
11%
Breath of the Wild Le Paon rubicond
11%
Spirit Tracks Linebeck et Associés
11%
Breath of the Wild L'Oasis
11%
The Wind Waker Maison aux Enchères
11%
Majora's Mask Milk Bar
11%
Twilight Princess Paradis du Pêcheur
11%
Breath of the Wild Rêverie étoilée
11%
Breath of the Wild Vent d'Est
11%
Skyward Sword Armurerie
0%
Tears of the Kingdom Atelier de Séparation
0%
Breath of the Wild Atelier du chevalier Lancier
0%
Breath of the Wild Auberge Agueil
0%
Breath of the Wild Auberge Mass'somme
0%
Breath of the Wild Au Bonheur des Fanes
0%
Majora's Mask Banque de Bourg-Clocher
0%
Link's Awakening Bazar du Centre
0%
Spirit Tracks Bazar Goron
0%
The Minish Cap Boulangerie de Baker et Powder
0%
Oracle of Ages Boutique Advance
0%
A Link to the Past Boutique de Bombes
0%
Spirit Tracks Boutique de Célestia
0%
A Link to the Past Boutique de Cocorico
0%
A Link Between Worlds Boutique de Fleurs Bombes
0%
Ocarina of Time Boutique de Granny
0%
Spirit Tracks Boutique de la Citadelle
0%
Echoes of Wisdom Boutique de la citadelle d'Hyrule
0%
Spirit Tracks Boutique de la Forêt
0%
A Link to the Past Boutique de la Montagne de la Mort
0%
Ocarina of Time Boutique de l'Apothicaire
0%
Breath of the Wild Boutique de l'Auberge
0%
Echoes of Wisdom Boutique de la Zora
0%
Breath of the Wild Boutique de location de Morse de la porte Sud-Est
0%
Ocarina of Time Boutique de Missiles Teigneux
0%
Breath of the Wild Boutique de Mohrtieh
0%
Spirit Tracks Boutique de Papousia
0%
A Link Between Worlds Boutique d'Objets
0%
A Link to the Past Boutique du Lac Hylia
0%
Link's Awakening DX Boutique du Photographe
0%
Echoes of Wisdom Boutique du village de Cocorico
0%
Echoes of Wisdom Boutique du village d'Ussude
0%
Echoes of Wisdom Boutique du village Goron
0%
Echoes of Wisdom Boutique du Village Kothié
0%
Echoes of Wisdom Boutique gerudo
0%
Ocarina of Time Boutique Goron
0%
Ocarina of Time Boutique Kokiri
0%
Twilight Princess Boutique Luxueuse
0%
Spirit Tracks Boutique Skimo
0%
Breath of the Wild Bras d'acier
0%
Breath of the Wild Braséroc
0%
The Wind Waker Café-Bar
0%
Twilight Princess Café de la Citadelle
0%
The Minish Cap Café de Mama
0%
Breath of the Wild Casse-Graine
0%
The Wind Waker Chez Autofocus
0%
Breath of the Wild Chez Calima
0%
The Minish Cap Chez Fouyaya
0%
Triforce Heroes Chez Madame
0%
A Link Between Worlds Chez Mamie Magie
0%
Breath of the Wild Club secret Gerudo
0%
The Minish Cap Cordonnerie de Sopor
0%
Breath of the Wild Croc-à-Brac
0%
Oracle of Ages Echoppe
0%
Breath of the Wild Elégance Gerudo
0%
Breath of the Wild Etal d'Ebis
0%
Breath of the Wild Etal de Menaccly
0%
Breath of the Wild Etal d'Emireil
0%
Breath of the Wild Etal de Renora
0%
Breath of the Wild Etal de Vermilla
0%
Breath of the Wild Etal d'Ohmates
0%
Ocarina of Time Foire aux Masques
0%
Tears of the Kingdom Galerie des Monstres
0%
Twilight Princess Galeries Balder
0%
The Minish Cap Galerie Tendo
0%
Breath of the Wild La Nuit Douillette
0%
Breath of the Wild La Pluie qui pique
0%
Breath of the Wild L'Echo'pignon
0%
Breath of the Wild Le Nid d'étourneau
0%
Breath of the Wild Le Philtre d'amour
0%
Breath of the Wild L'Hirondelle nichée
0%
Link's Awakening Location de Radeaux
0%
Twilight Princess Magasin de Célestia
0%
Phantom Hourglass Magasin de l'Ile Goron
0%
Twilight Princess Magasin de Trille
0%
Phantom Hourglass Magasin Melka
0%
Phantom Hourglass Magasin Molida
0%
Link's Awakening Maison aux Coquillages
0%
Twilight Princess Manoir de la Divination
0%
Oracle of Seasons Marché Subrosien
0%
Breath of the Wild Nombril de l'Arbre Mojo
0%
The Wind Waker Pharmacie Chuchu
0%
Breath of the Wild Poisson-lune
0%
Spirit Tracks Poissonnière
0%
The Wind Waker Poudrerie
0%
Majora's Mask Poudrerie de Medigoron
0%
Breath of the Wild Quatre Petites Mains
0%
Tears of the Kingdom Restaurant de Pibich
0%
The Wind Waker Salle de Jeu
0%
Ocarina of Time Stand de pêche
0%
Skyward Sword Stand des potions
0%
Phantom Hourglass Taverne de Melka
0%
Majora's Mask Troc en Trop
0%
Spirit Tracks Vendeur de Bois
0%
A Link Bewteen Worlds Vendeur de Fleurs Bombes
0%
Aucun quiz correspondant
Distribution des résultats
% des personnes avec chaque résultat
Percentile par nombre de réponses
Votre historique - résultats
Vous n’avez pas pris ce quiz